Spolupráca malých a stredných podnikov v pohraničných oblastiach Slovenska

Vstupom zahraničných spoločností vzniká nová situácia a podmienky na regionálnom trhu. Kooperácia alebo spájanie podnikov v rámci euroregiónov. Národné priority cezhraničnej spolupráce. Príklad slovensko-poľsko-českého Euroregiónu Beskydy. Konkrétna ponuka služieb Euroregiónu Tatry. Konkrétna spolup...

Descrizione completa

Salvato in:
Dettagli Bibliografici
Autore principale: Šúbertová, Elena
Natura: Capitolo di libro
Lingua:slovacco
Soggetti:
Tags: Aggiungi Tag
Nessun Tag, puoi essere il primo ad aggiungerne!!

MARC

LEADER 00000naa$a2200000$$$4500
001 0052265
005 20240502083136.3
041 0 |a slo 
044 |a CZ 
245 1 0 |a Spolupráca malých a stredných podnikov v pohraničných oblastiach Slovenska  |c Elena Šúbertová 
520 |a Vstupom zahraničných spoločností vzniká nová situácia a podmienky na regionálnom trhu. Kooperácia alebo spájanie podnikov v rámci euroregiónov. Národné priority cezhraničnej spolupráce. Príklad slovensko-poľsko-českého Euroregiónu Beskydy. Konkrétna ponuka služieb Euroregiónu Tatry. Konkrétna spolupráca dvoch euroregiónov - Euroregiónu Neogradiensis a Karpatského euroregiónu. Priority a formy spolupráce malých a stredných podnikov. 
610 2 0 |a podnik malý 
610 2 0 |a podnik stredný 
610 2 0 |a pohraničie 
610 2 0 |a spolupráca cezhraničná 
610 2 0 |a euroregióny 
610 2 0 |a Slovensko 
100 1 |a Šúbertová, Elena